00299nam a2200133Ia 4500008004100000041000800041082001200049100001700061245001100078260003500089300002400124365001100148440000600159240624s9999 xx 000 0 und d aeng a920 TEZ aTEZUKA OSAMU aBUDDHA c2006aNew DelhibHarperCollins a400 : p. : cm. ; 20 cRSb25 v6